ՀՀ Գիտությունների ազգային ակադեմիայի հիմնարար գիտական գրադարան  =   Fundamental Scientific Library of NAS RA

Методы изучения свойств полимерных материалов и изделий в условиях холодного климата : (Record no. 142296)

MARC details
000 -LEADER
fixed length control field 01136nam a2200217 a 4500
001 - CONTROL NUMBER
control field 000372344
003 - CONTROL NUMBER IDENTIFIER
control field AM-YeHGA
005 - DATE AND TIME OF LATEST TRANSACTION
control field 20250617131925.0
008 - FIXED-LENGTH DATA ELEMENTS--GENERAL INFORMATION
fixed length control field 041022s1989 ||| r 000 0 rus d
040 ## - CATALOGING SOURCE
Original cataloging agency AM-YeHGA
041 0# - LANGUAGE CODE
Language code of text/sound track or separate title rus
090 ## - LOCALLY ASSIGNED LC-TYPE CALL NUMBER (OCLC); LOCAL CALL NUMBER (RLIN)
-- 143676
245 00 - TITLE STATEMENT
Title Методы изучения свойств полимерных материалов и изделий в условиях холодного климата :
Remainder of title Сб. науч. тр. /
Statement of responsibility, etc. АН СССР. Сиб. отд-ние. Ин-т физ.-техн. пробл. Севера; Редкол.: И.Н. Черский (отв. ред.) и др.
260 ## - PUBLICATION, DISTRIBUTION, ETC.
Place of publication, distribution, etc. Якутск :
Name of publisher, distributor, etc. Якут. науч. центр СО АН СССР,
Date of publication, distribution, etc. 1989.
300 ## - PHYSICAL DESCRIPTION
Extent 119,6 с.
Other physical details ил.
504 ## - BIBLIOGRAPHY, ETC. NOTE
Bibliography, etc. note Библиогр. в конце ст.
650 14 - SUBJECT ADDED ENTRY--TOPICAL TERM
Topical term or geographic name entry element Полимеры
General subdivision Морозоустойчивость
Form subdivision Сборник
700 1# - ADDED ENTRY--PERSONAL NAME
Personal name Черский, Игорь Николаевич
Relator term ред.
Relationship edt
710 2# - ADDED ENTRY--CORPORATE NAME
Corporate name or jurisdiction name as entry element Академия наук СССР
Subordinate unit Сибирское отделение
710 2# - ADDED ENTRY--CORPORATE NAME
Corporate name or jurisdiction name as entry element Институт физико-технических проблем Севера
Holdings
Withdrawn status Lost status Damaged status Not for loan Collection Home library Current library Date acquired Total checkouts Full call number Barcode Date last seen Price effective from Koha item type Public note
        General Fundamental Scientific Library Fundamental Scientific Library 22/12/2016   678.019.32(082) 120625240 22/12/2016 22/12/2016 Գրքեր / Books Two weeks Loan
        General Fundamental Scientific Library Fundamental Scientific Library 22/12/2016   678.019.32(082) 120625241 22/12/2016 22/12/2016 Գրքեր / Books Two weeks Loan


ՀՀ ԳԱԱ հիմնարար գիտական գրադարան
ՀՀ,Երևան 0019
Մարշալ Բաղրամյան 24/6
հեռախոս:(374-10) 52-47-50
Հետադարձ կապ

All site content, except where otherwise noted, is licensed under a
Creative Commons License